000 00369nam a2200121Ia 4500
008 240731s9999 xx 000 0 und d
022 _a1533-2683
245 0 _aJournal of Couple & Relationship Therapy : Innovations in Clinical and Educational Interventions
260 _bRoutledge
856 _uhttps://www.tandfonline.com/loi/wcrt20
942 _2ddc
942 _cTFEJ
999 _c77591
_d77591
945 _a1
_bMadushi Gamage
_c1
_dMadushi Gamage